Datum a čas kvízu
31
Celkem bodů
Celkový počet nahraných bodů na tomto kvízu bez doplňovacích otázek.
8.
Pořadí na kvízu
Konečné umístění týmu na tomto kvízu.
Zaznamenané odpovědi
| # | Otázka | Odpověď | Body | Výsledky |
|---|---|---|---|---|
| 1. | Minulou středu proběhl po celé... | 11:59 | 0 | |
| 2. | Dva zkušení borci, 66letý Joha... | traktory | 1 | |
| 3. | V pondělí jsme se dozvěděli, ž... | Charlotte Gottová | 1 | |
| 4. | Který unikátní předmět z Titan... | záchranná vesta | 1 | |
| 5. | Ve středu bylo zahájeno mistro... | Bratislava; Trenčín | 1 | |
| 6. | Vědci v minulosti několikrát t... | D) | 0 | |
| 7. | Světová zdravotnická organizac... | o Gruzii | 0 | |
| 8. | V červenci 2025 Senát schválil... | 3 (2 a 4 za půl bodu) | 1 | |
| 9. | Na které z fotografií se nachá... | A) | 0 | |
| 10. | Velení wehrmachtu si před začá... | pervitin | 0 |